[Event "Kandidatklassen 2014"]
[Site "Skorping"]
[Date "2014.04.19"]
[Round "5"]
[White "Haubro, Martin"]
[Black "Thuesen, Mogens Henrik"]
[Result "1-0"]
[WhiteElo "2159"]
[BlackElo "2209"]
[PlyCount "65"]
[EventDate "2014.??.??"]

1. e4 e6 2. d4 d5 3. Nd2 dxe4 4. Nxe4 Nd7 5. Nf3 Ngf6 6. Ng3 c5 7. Be2 b6 8.
O-O Bb7 9. c4 Qc7 10. b3 h5 11. Bg5 O-O-O 12. b4 h4 13. Nxh4 Ne5 14. bxc5 Bxc5
15. Qb3 Rxd4 16. Nf3 Rg4 17. Bxf6 gxf6 18. Nxe5 Rgh4 19. Bf3 fxe5 20. Bxb7+
Qxb7 21. h3 f5 22. Rae1 Bd4 23. c5 R4h6 24. cxb6 axb6 25. a4 Kb8 26. a5 Rc8 27.
axb6 Rc3 28. Qb4 Rh8 29. Qd6+ Kc8 30. Qxe6+ Qd7 31. b7+ Kc7 32. Qxd7+ Kxd7 33.
Nxf5 1-0

[Event "Kandidatklassen 2014"]
[Site "Skorping"]
[Date "2014.04.19"]
[Round "5"]
[White "Jacobsen, Mikkel Manosri"]
[Black "Schou Moldt, Thomas"]
[Result "0-1"]
[WhiteElo "2102"]
[BlackElo "2207"]
[PlyCount "152"]
[EventDate "2014.??.??"]

1. d4 g6 2. Nf3 d6 3. Bf4 Bg7 4. e3 Nd7 5. h3 e5 6. Bh2 Qe7 7. Be2 Ngf6 8. c4
Ne4 9. O-O O-O 10. Nbd2 Nxd2 11. Qxd2 b6 12. a4 a5 13. Ne1 Bb7 14. Nc2 Qg5 15.
Bg3 exd4 16. Nxd4 Nc5 17. h4 Qe7 18. Bd3 Be4 19. Bc2 h5 20. Rae1 Bf6 21. f3
Bxc2 22. Qxc2 Qd7 23. Nb5 Rae8 24. e4 Ne6 25. f4 Nd4 26. Qd3 Nxb5 27. cxb5 Qg4
28. Rc1 Re7 29. f5 Rxe4 30. Rxc7 Bd4+ 31. Bf2 Bxf2+ 32. Rxf2 Re1+ 33. Rf1 Rxf1+
34. Kxf1 gxf5 35. Rc4 Qg6 36. Rc6 Rd8 37. Rxb6 Kh7 38. Ra6 Qf6 39. Rxa5 Rc8 40.
Qd2 Qxh4 41. Ra7 Qh1+ 42. Kf2 Rc1 43. Rxf7+ Kg8 44. Rf8+ Kxf8 45. Qxd6+ Ke8 46.
Qe6+ Kd8 47. Qd6+ Kc8 48. Qe6+ Kc7 49. b6+ Kb7 50. Qd7+ Kxb6 51. Qb5+ Kc7 52.
Qe5+ Kc6 53. Qb5+ Kd6 54. Qd3+ Kc7 55. Qg3+ Kb6 56. Qb3+ Kc5 57. Qb5+ Kd4 58.
Qd7+ Kc4 59. Qb5+ Kd4 60. Qd7+ Ke4 61. Qe6+ Kd3 62. Qxf5+ Kd2 63. Qd5+ Kc2 64.
Qe4+ Kb3 65. Qd5+ Rc4 66. Qb5+ Rb4 67. Qd3+ Kxb2 68. Qd2+ Ka3 69. Qc3+ Rb3 70.
Qc5+ Ka2 71. Qc4 Qd1 72. a5 Qd3 73. Qg8 h4 74. Qf7 Qe3+ 75. Kf1 h3 76. gxh3
Qxh3+ 0-1

[Event "Kandidatklassen 2014"]
[Site "Skorping"]
[Date "2014.04.19"]
[Round "5"]
[White "Korley, Kassa"]
[Black "Strange, Mikkel"]
[Result "1-0"]
[WhiteElo "2335"]
[BlackElo "2355"]
[PlyCount "95"]
[EventDate "2014.??.??"]

1. Nf3 d5 2. g3 c5 3. Bg2 Nc6 4. d4 e6 5. O-O Nf6 6. c4 Be7 7. Nc3 O-O 8. dxc5
Bxc5 9. cxd5 exd5 10. Bf4 Bg4 11. Rc1 Bb6 12. Qb3 d4 13. Na4 Be6 14. Qa3 Re8
15. Nc5 Bxc5 16. Rxc5 Nd5 17. Bd2 h6 18. Rfc1 Qd7 19. b4 a6 20. Qb2 Nde7 21. a4
b6 22. R5c2 b5 23. Ne1 Bc4 24. Nd3 Rad8 25. Nc5 Qa7 26. Rxc4 bxc4 27. Rxc4 a5
28. b5 Ne5 29. Rc1 Nd5 30. Qxd4 Nb6 31. Qc3 Nec4 32. Bf4 g5 33. Ne4 Rxe4 34.
Bxe4 gxf4 35. Bd3 Rc8 36. Qf6 fxg3 37. hxg3 Qd7 38. Qxh6 f5 39. Qg6+ Qg7 40.
Qxf5 Rc7 41. Bxc4+ Nxc4 42. Qe6+ Qf7 43. Qxf7+ Kxf7 44. b6 Rc6 45. b7 Ne5 46.
b8=Q Rxc1+ 47. Kg2 Ke6 48. Qb6+ 1-0

[Event "Kandidatklassen 2014"]
[Site "Skorping"]
[Date "2014.04.19"]
[Round "5"]
[White "Matthiesen, Martin"]
[Black "Jorgensen, Brian Jorgen"]
[Result "1-0"]
[WhiteElo "2300"]
[BlackElo "2274"]
[PlyCount "74"]
[EventDate "2014.??.??"]

1. d4 e6 2. c4 f5 3. Nf3 Nf6 4. Nc3 d5 5. Bf4 Bd6 6. e3 c6 7. Bd3 O-O 8. O-O
Ne4 9. Qc2 Qc7 10. Bxd6 Qxd6 11. Rab1 Nd7 12. b4 Rf6 13. Rfc1 Rh6 14. b5 g5 15.
g3 Qe7 16. bxc6 bxc6 17. Qa4 e5 18. cxd5 Nxc3 19. Rxc3 e4 20. Bc4 Kh8 21. dxc6
exf3 22. cxd7 Bxd7 23. Qa5 f4 24. Rb7 fxg3 25. Rxd7 gxh2+ 26. Kh1 Qxd7 27. Qe5+
Qg7 28. Qe4 Rf8 29. Rb3 Rh4 30. Qc6 g4 31. Rb7 Qg6 32. Qc7 Qf6 33. Rb8 Rh5 34.
Bf7 Rxb8 35. Qxb8+ Kg7 36. Bxh5 Qa6 37. Kxh2 Qxa2 1-0

[Event "Kandidatklassen 2014"]
[Site "Skorping"]
[Date "2014.04.19"]
[Round "5"]
[White "Percivaldi, Martin"]
[Black "Luther, Lasse"]
[Result "1-0"]
[WhiteElo "2131"]
[BlackElo "2021"]
[PlyCount "91"]
[EventDate "2014.??.??"]

1. d4 Nf6 2. Nf3 g6 3. Bg5 Bg7 4. c3 O-O 5. Nbd2 d5 6. e3 c5 7. Be2 Qb6 8. Qb3
Nc6 9. O-O Be6 10. Rfe1 Ne4 11. Qxb6 axb6 12. Nxe4 dxe4 13. Nd2 f5 14. Nc4 Bxc4
15. Bxc4+ Kh8 16. Bb5 Rf7 17. Red1 cxd4 18. cxd4 e5 19. d5 Na7 20. d6 Bf6 21.
Bc4 Rff8 22. h4 Bxg5 23. hxg5 Rad8 24. Rd5 Nc6 25. Rad1 f4 26. Bb5 fxe3 27.
fxe3 Rf5 28. d7 Rf7 29. Bxc6 bxc6 30. Rd6 b5 31. Rxc6 Rfxd7 32. Rxd7 Rxd7 33.
Rc5 Rd1+ 34. Kh2 Rd3 35. Rxb5 Rxe3 36. Rxe5 Re2 37. Rb5 Kg8 38. Kg3 Kf8 39. a4
Ke8 40. a5 Re1 41. b4 e3 42. Kf3 Kd7 43. a6 Kc7 44. a7 Rf1+ 45. Kxe3 Rf8 46.
Rb8 1-0

[Event "Kandidatklassen 2014"]
[Site "Skorping"]
[Date "2014.04.19"]
[Round "5"]
[White "Petersen, Tom Petri"]
[Black "Lauridsen, Jesper Morch"]
[Result "1-0"]
[WhiteElo "2282"]
[BlackElo "2239"]
[PlyCount "59"]
[EventDate "2014.??.??"]

1. Nf3 Nf6 2. c4 e6 3. g3 d5 4. b3 c5 5. Bg2 Nc6 6. O-O Be7 7. d3 O-O 8. e3 b6
9. Bb2 Bb7 10. Qe2 Qc7 11. Nc3 Rad8 12. Rfd1 a6 13. Rac1 d4 14. exd4 cxd4 15.
Nb5 axb5 16. cxb5 Qd6 17. bxc6 Bxc6 18. Nxd4 Bxg2 19. Kxg2 Ra8 20. a4 b5 21.
axb5 Ra2 22. Nc6 Qd5+ 23. Qf3 Bc5 24. b4 Rxb2 25. bxc5 Qg5 26. h4 Qg4 27. b6
Qa4 28. Rb1 Rxb1 29. Rxb1 Qc2 30. Rb5 1-0

[Event "Kandidatklassen 2014"]
[Site "Skorping"]
[Date "2014.04.19"]
[Round "5"]
[White "Schultz Pedersen, Jesper"]
[Black "Kolbak, Jens"]
[Result "0-1"]
[WhiteElo "2240"]
[BlackElo "2229"]
[PlyCount "54"]
[EventDate "2014.??.??"]

1. e4 e5 2. Nf3 Nc6 3. Bb5 Bc5 4. d3 d6 5. Be3 Bxe3 6. fxe3 Nf6 7. Nc3 O-O 8.
Bxc6 bxc6 9. O-O Qe7 10. Qe1 Nh5 11. h3 g6 12. g4 Ng7 13. Qh4 Qxh4 14. Nxh4 h5
15. gxh5 Bxh3 16. Rf3 Bg4 17. h6 Nh5 18. Rf2 Kh7 19. Raf1 Be6 20. Kh2 Kxh6 21.
d4 Kg7 22. d5 Bd7 23. Ne2 cxd5 24. exd5 f6 25. Ng3 Rh8 26. Nxh5+ Rxh5 27. Kg3
Rg5+ 0-1

[Event "Kandidatklassen 2014"]
[Site "Skorping"]
[Date "2014.04.19"]
[Round "5"]
[White "Thogersen, Rasmus"]
[Black "Bjerre, Tavs"]
[Result "0-1"]
[WhiteElo "2122"]
[BlackElo "2053"]
[PlyCount "104"]
[EventDate "2014.??.??"]

1. d4 Nf6 2. c4 g6 3. Nc3 Bg7 4. e4 d6 5. Nf3 O-O 6. Be2 Na6 7. O-O e5 8. Be3
Ng4 9. Bg5 Qe8 10. Nd5 f6 11. Bh4 Nh6 12. Qd2 g5 13. Bg3 c6 14. Nc3 Bg4 15. d5
c5 16. Ne1 Bd7 17. a3 Qe7 18. Bd3 f5 19. exf5 Bxf5 20. f3 Bxd3 21. Nxd3 Nf5 22.
Bf2 Nb8 23. Ne4 h6 24. b4 b6 25. bxc5 bxc5 26. Rab1 Qc7 27. Rb5 Nd7 28. Rfb1
Rfb8 29. g4 Rxb5 30. Rxb5 Nd4 31. Bxd4 exd4 32. f4 gxf4 33. Qxf4 Rf8 34. Qxd6
Qxd6 35. Nxd6 Rf3 36. Rb3 Bf8 37. Nf5 Ne5 38. Nxh6+ Kh8 39. d6 Rxd3 40. d7 Rd1+
41. Kg2 Nxd7 42. Nf5 Nb6 43. g5 Rc1 44. Rg3 Rc3 45. Rxc3 dxc3 46. Ne3 Nxc4 47.
Nc2 Kh7 48. Kf3 Bg7 49. Ke4 Bd4 50. h4 Kg6 51. Kd3 Ne5+ 52. Ke4 Kh5 0-1

[Event "Kandidatklassen 2014"]
[Site "Skorping"]
[Date "2014.04.19"]
[Round "5"]
[White "Thybo, Jesper Sondergaard"]
[Black "Andersen, Morten"]
[Result "1-0"]
[WhiteElo "2123"]
[BlackElo "2146"]
[PlyCount "97"]
[EventDate "2014.??.??"]

1. d4 d5 2. c4 c6 3. Nf3 Nf6 4. e3 e6 5. b3 Nbd7 6. Bb2 Bd6 7. Bd3 Qc7 8. Nc3
dxc4 9. bxc4 e5 10. O-O O-O 11. Qb3 h6 12. h3 Qb6 13. Qc2 Qa5 14. Nh4 Ba3 15.
Bxa3 Qxa3 16. Rfe1 Re8 17. Nf5 Nb6 18. c5 Bxf5 19. Bxf5 exd4 20. exd4 Nbd5 21.
Rxe8+ Rxe8 22. Nxd5 Nxd5 23. Rb1 Re7 24. Bc8 Nf4 25. Qd2 g5 26. Bg4 Qa6 27. h4
Ne2+ 28. Kh2 Re4 29. f3 Rxd4 30. Qe3 Qxa2 31. Rxb7 Rd8 32. hxg5 Qc4 33. gxh6
Qf4+ 34. Qxf4 Nxf4 35. Bf5 Ra8 36. g4 a5 37. Bb1 a4 38. Ba2 Nd5 39. g5 a3 40.
f4 Re8 41. Bxd5 cxd5 42. Ra7 Re3 43. f5 Re5 44. c6 d4 45. Rxa3 Kh7 46. c7 Rc5
47. Ra7 d3 48. g6+ Kxh6 49. gxf7 1-0

[Event "Kandidatklassen 2014"]
[Site "Skorping"]
[Date "2014.04.20"]
[Round "6"]
[White "Andersen, Morten"]
[Black "Jacobsen, Mikkel Manosri"]
[Result "0-1"]
[WhiteElo "2146"]
[BlackElo "2102"]
[PlyCount "110"]
[EventDate "2014.??.??"]

1. c4 c6 2. g3 d5 3. Nf3 Nf6 4. Bg2 Bf5 5. cxd5 cxd5 6. Qb3 Qb6 7. Nc3 e6 8. d3
Qxb3 9. axb3 Nc6 10. O-O Be7 11. Nh4 Bg4 12. h3 Bh5 13. e4 d4 14. Nb5 O-O 15.
g4 Bg6 16. f4 a6 17. Nc7 Rac8 18. Nxa6 Nd7 19. Nf3 h6 20. f5 Bh7 21. Bf4 bxa6
22. Rxa6 Nc5 23. Rxc6 Rxc6 24. Nxd4 Rb6 25. b4 Nxd3 26. Be3 Bg5 27. Bxg5 hxg5
28. b5 e5 29. Nc6 Rxb5 30. Rd1 Nf4 31. b4 Nxg2 32. Kxg2 Kh8 33. Rd5 Rb6 34. b5
f6 35. h4 Bg8 36. Rc5 gxh4 37. Kh3 g5 38. fxg6 Kg7 39. Kxh4 Kxg6 40. Ne7+ Kf7
41. Rc7 Ke6 42. Nc8 Rxc8 43. Rxc8 Bh7 44. g5 fxg5+ 45. Kxg5 Bxe4 46. Re8+ Kd5
47. Rd8+ Rd6 48. Re8 Rg6+ 49. Kh5 Kd4 50. Rb8 Ke3 51. b6 Kf4 52. b7 Rg7 53.
Rf8+ Bf5 54. Rxf5+ Kxf5 55. b8=Q Rh7# 0-1

[Event "Kandidatklassen 2014"]
[Site "Skorping"]
[Date "2014.04.20"]
[Round "6"]
[White "Bjerre, Tavs"]
[Black "Andersen, Soren Mikkel"]
[Result "1-0"]
[WhiteElo "2053"]
[BlackElo "2099"]
[PlyCount "85"]
[EventDate "2014.??.??"]

1. d4 Nf6 2. c4 e6 3. Nc3 d5 4. cxd5 exd5 5. Bg5 Be7 6. e3 c6 7. Qc2 Nbd7 8.
Bd3 O-O 9. Nge2 Re8 10. O-O Nf8 11. f3 g6 12. e4 Ne6 13. Bxf6 Bxf6 14. e5 Bg7
15. f4 f5 16. Kh1 a6 17. Na4 Bf8 18. a3 Qc7 19. b4 b6 20. Rac1 Bd7 21. g4 Ng7
22. Ng3 fxg4 23. f5 gxf5 24. Nxf5 Nxf5 25. Bxf5 Bxf5 26. Qxf5 Bg7 27. Qxg4 a5
28. Rf6 Rac8 29. Rfxc6 Qxc6 30. Rxc6 Rxc6 31. Qd7 Ree6 32. Qxd5 axb4 33. axb4
Kf8 34. Nc3 Rg6 35. Qf3+ Ke8 36. h4 h5 37. Qxh5 Kf7 38. Qf3+ Kg8 39. Nd5 Rc1+
40. Kh2 Rc2+ 41. Kh3 Bf8 42. Qe4 Rgc6 43. e6 1-0

[Event "Kandidatklassen 2014"]
[Site "Skorping"]
[Date "2014.04.20"]
[Round "6"]
[White "Dreisler, Tobias"]
[Black "Thuesen, Mogens Henrik"]
[Result "1/2-1/2"]
[WhiteElo "2093"]
[BlackElo "2209"]
[PlyCount "74"]
[EventDate "2014.??.??"]

1. e4 c5 2. Nf3 e6 3. d4 cxd4 4. Nxd4 Nf6 5. Nc3 Nc6 6. Ndb5 d6 7. Bf4 e5 8.
Bg5 a6 9. Na3 Be6 10. Nc4 Rc8 11. Bxf6 gxf6 12. Nd5 Bxd5 13. Qxd5 Nb4 14. Qd2
d5 15. exd5 Qxd5 16. Qxd5 Nxd5 17. O-O-O Nb4 18. c3 b5 19. Ne3 Bh6 20. Kb1 Bxe3
21. fxe3 Nc6 22. a4 bxa4 23. Bxa6 Rc7 24. Bb5 Ke7 25. Bxa4 Rg8 26. g3 h5 27.
Rd5 Rg4 28. Bc2 h4 29. Bf5 Ra4 30. gxh4 Rxh4 31. e4 Nd8 32. Rhd1 Ne6 33. R1d2
Ng5 34. Re2 Rc4 35. Kc2 Nxe4 36. Bxe4 Rcxe4 37. Red2 Re3 1/2-1/2

[Event "Kandidatklassen 2014"]
[Site "Skorping"]
[Date "2014.04.20"]
[Round "6"]
[White "Jorgensen, Brian Jorgen"]
[Black "Thybo, Jesper Sondergaard"]
[Result "1-0"]
[WhiteElo "2274"]
[BlackElo "2123"]
[PlyCount "165"]
[EventDate "2014.??.??"]

1. d4 Nf6 2. c4 g6 3. Nc3 d5 4. cxd5 Nxd5 5. e4 Nxc3 6. bxc3 Bg7 7. Bg5 c5 8.
Rc1 O-O 9. Nf3 Bg4 10. d5 Qd6 11. Be2 Nd7 12. O-O Bxf3 13. Bxf3 b5 14. Qd2 c4
15. Qe3 Rfe8 16. Bg4 Nc5 17. Rb1 Qb6 18. e5 a6 19. Rfe1 Qc7 20. d6 exd6 21.
exd6 Qc6 22. Bf3 Qc8 23. Qd2 Rb8 24. Rxe8+ Qxe8 25. Re1 Qc8 26. Re7 Bf8 27. d7
Qc7 28. Bf4 Qb6 29. Re8 Rd8 30. Qd6 Nxd7 31. Rxf8+ Rxf8 32. Qxd7 Qf6 33. Qd2
Rd8 34. Qc1 Rd3 35. Bd2 Qe5 36. h3 h6 37. Kf1 g5 38. Be2 Rd8 39. f4 Qf5 40. Kg1
Re8 41. Bf3 Qc5+ 42. Kf1 gxf4 43. Bxf4 h5 44. Qd2 Qf5 45. Kg1 h4 46. Bd6 Rd8
47. Qh6 Qg6 48. Qxg6+ fxg6 49. Bb4 Rd7 50. Bg4 Rd8 51. a3 Kg7 52. Kf2 Re8 53.
Bd7 Rd8 54. Bc6 Rd2+ 55. Ke3 Ra2 56. Bb7 a5 57. Bxa5 Rxa3 58. Bb4 Ra2 59. Kd4
Rf2 60. Kc5 Rf5+ 61. Kb6 Kf6 62. Bc5 b4 63. Bxb4 Kg5 64. Bc5 Kf4 65. Kb5 Kg3
66. Kxc4 Rf7 67. Be4 g5 68. Bd6+ Kf2 69. Kd5 Rg7 70. c4 g4 71. hxg4 Rxg4 72. c5
Ke3 73. Bf3 Rg5+ 74. Be5 h3 75. gxh3 Kxf3 76. c6 Rg8 77. c7 Ra8 78. Kc6 Ke4 79.
Bd6 Rh8 80. Be7 Ke5 81. h4 Ke6 82. Bd8 Rxh4 83. c8=Q+ 1-0

[Event "Kandidatklassen 2014"]
[Site "Skorping"]
[Date "2014.04.20"]
[Round "6"]
[White "Kolbak, Jens"]
[Black "Matthiesen, Martin"]
[Result "0-1"]
[WhiteElo "2229"]
[BlackElo "2300"]
[PlyCount "104"]
[EventDate "2014.??.??"]

1. d4 Nf6 2. c4 e6 3. Nc3 Bb4 4. e3 b6 5. Nge2 Ba6 6. a3 Be7 7. Nf4 d5 8. cxd5
Bxf1 9. Kxf1 exd5 10. g3 O-O 11. Kg2 Qd7 12. Re1 Nc6 13. b4 Rfe8 14. Bb2 Nd8
15. Qb3 c6 16. b5 Ne6 17. Nxe6 fxe6 18. bxc6 Qxc6 19. Rac1 Qd7 20. f3 b5 21.
Ne2 Rec8 22. Nf4 Rc4 23. Nd3 Bd6 24. Ne5 Bxe5 25. dxe5 Ne8 26. Rcd1 Qc6 27. Rd2
Nc7 28. Bd4 a5 29. h4 b4 30. axb4 axb4 31. Ra1 Rc8 32. Kh3 Nb5 33. Bb2 Rf8 34.
Rf1 Nc3 35. Rdf2 Qa4 36. Qxa4 Nxa4 37. f4 b3 38. Bd4 Rb8 39. Rb1 g6 40. Kg4 Kg7
41. Kf3 Rbb4 42. Rd2 h5 43. Bb2 Kf7 44. g4 hxg4+ 45. Kxg4 Rc2 46. Ba3 Rxd2 47.
Bxb4 Rb2 48. Rc1 Ra2 49. Rc7+ Ke8 50. Ba5 Rg2+ 51. Kf3 Rc2 52. Rb7 b2 0-1

[Event "Kandidatklassen 2014"]
[Site "Skorping"]
[Date "2014.04.20"]
[Round "6"]
[White "Korley, Kassa"]
[Black "Hansen, Mads"]
[Result "1-0"]
[WhiteElo "2335"]
[BlackElo "2337"]
[PlyCount "103"]
[EventDate "2014.??.??"]

1. Nf3 d5 2. g3 Nf6 3. Bg2 c6 4. O-O Bg4 5. c4 e6 6. d3 Nbd7 7. Nc3 Be7 8. cxd5
cxd5 9. h3 Bxf3 10. Bxf3 O-O 11. a3 Rc8 12. Bd2 a5 13. Qb1 Ne8 14. Rc1 Nd6 15.
b4 axb4 16. axb4 Bg5 17. Qb2 Nb6 18. h4 Bxd2 19. Qxd2 Qf6 20. Kg2 h6 21. Na4
Rxc1 22. Qxc1 Ra8 23. Nxb6 Qxa1 24. Qc7 Ne8 25. Qe7 Rb8 26. Nd7 Rc8 27. Qf8+
Kh7 28. Qxf7 Nf6 29. Nf8+ Rxf8 30. Qxf8 Qd4 31. Qd6 e5 32. e3 Qxd3 33. Qxe5 Qc4
34. g4 Qxb4 35. g5 Ng8 36. gxh6 Nxh6 37. h5 b6 38. Qxd5 Qf8 39. Be4+ Kh8 40.
Qe6 b5 41. Qg6 Kg8 42. Qh7+ Kf7 43. Bd5+ Ke7 44. Qe4+ Kd8 45. Be6 Kc7 46. Qd4
Kb7 47. Bd7 Ka6 48. Qe5 b4 49. Qb5+ Ka7 50. Bc6 Qe7 51. Qa5+ Kb8 52. Qa8+ 1-0

[Event "Kandidatklassen 2014"]
[Site "Skorping"]
[Date "2014.04.20"]
[Round "6"]
[White "Lauridsen, Jesper Morch"]
[Black "Christensen, Tobias"]
[Result "1/2-1/2"]
[WhiteElo "2239"]
[BlackElo "2360"]
[PlyCount "147"]
[EventDate "2014.??.??"]

1. e4 c5 2. d4 cxd4 3. c3 Nf6 4. e5 Nd5 5. Nf3 Nc6 6. Bc4 Nb6 7. Bb3 d6 8. exd6
Qxd6 9. Na3 a6 10. O-O dxc3 11. Ng5 e6 12. Qh5 g6 13. Qf3 Qe7 14. Qxc3 Rg8 15.
Ne4 Bg7 16. Qg3 Nd4 17. Re1 Nf5 18. Qd3 Qd8 19. Qh3 Qh4 20. Qxh4 Nxh4 21. Bg5
Nf5 22. Rad1 Bd7 23. Nf6+ Bxf6 24. Bxf6 Bc6 25. g4 Ne7 26. Rd4 Rd8 27. Rxd8+
Kxd8 28. Rd1+ Ke8 29. Rd6 g5 30. Nc4 Nbc8 31. Rd3 Nd5 32. Be5 f6 33. Bd4 Nf4
34. Rd2 Kf7 35. Be3 Nd5 36. Bc5 h5 37. gxh5 Rh8 38. Bd1 Nf4 39. Nd6+ Nxd6 40.
Bxd6 e5 41. Bb3+ Kg7 42. Be7 Nxh5 43. Rd6 Bf3 44. Be6 Kg6 45. Bd7 Rh7 46. Be8+
Kf5 47. Bxh5 Rxh5 48. Rxf6+ Ke4 49. Rb6 Kd4 50. Rb4+ Kd5 51. h4 gxh4 52. Rxh4
Rf5 53. Rh6 Rf4 54. Rh4 Rf7 55. Bb4 Rg7+ 56. Kf1 Rc7 57. Bc3 b5 58. a3 a5 59.
Ke1 e4 60. Kd2 a4 61. Rh8 Kc4 62. Rd8 Kb3 63. Rd4 Ka2 64. Rd8 Bg2 65. Rd4 Rf7
66. Ke2 Rf5 67. Rd8 Bf3+ 68. Ke3 Rh5 69. Rd4 Kb1 70. Rd2 Rh3 71. Kd4 Rh5 72.
Ke3 Bg2 73. Ke2 Rh1 74. Rd1+ 1/2-1/2

[Event "Kandidatklassen 2014"]
[Site "Skorping"]
[Date "2014.04.20"]
[Round "6"]
[White "Luther, Lasse"]
[Black "Thogersen, Rasmus"]
[Result "0-1"]
[WhiteElo "2021"]
[BlackElo "2122"]
[PlyCount "68"]
[EventDate "2014.??.??"]

1. Nf3 Nf6 2. c4 g6 3. b4 Bg7 4. Bb2 O-O 5. g3 c6 6. Bg2 d5 7. Na3 a5 8. b5
dxc4 9. bxc6 Nxc6 10. Nxc4 Be6 11. d3 b5 12. Nfe5 Nxe5 13. Nxe5 Bd5 14. e4 Bb7
15. Qb3 Nd7 16. Nxd7 Qxd7 17. Bxg7 Kxg7 18. Qb2+ f6 19. d4 f5 20. d5+ Kg8 21.
O-O fxe4 22. Bxe4 Bxd5 23. Rfd1 e6 24. Qe5 Rad8 25. Rac1 Qa7 26. Rxd5 Qxf2+ 27.
Kh1 exd5 28. Bxd5+ Rxd5 29. Qxd5+ Kg7 30. Rc7+ Kh6 31. Qxb5 Qe1+ 32. Kg2 Rf2+
33. Kh3 Qe6+ 34. Kh4 Rxh2# 0-1

[Event "Kandidatklassen 2014"]
[Site "Skorping"]
[Date "2014.04.20"]
[Round "6"]
[White "Mikkelsen, Nikolaj"]
[Black "Petersen, Tom Petri"]
[Result "1/2-1/2"]
[WhiteElo "2412"]
[BlackElo "2282"]
[PlyCount "66"]
[EventDate "2014.??.??"]

1. e4 g6 2. d4 Bg7 3. Nc3 d6 4. Be3 a6 5. Qd2 Nd7 6. h4 h6 7. O-O-O b5 8. Kb1
Bb7 9. f3 Rc8 10. h5 g5 11. e5 e6 12. exd6 cxd6 13. Bd3 Ngf6 14. Nh3 Nb6 15.
Rhf1 Nfd5 16. Nxd5 Nxd5 17. Be4 f5 18. Bd3 O-O 19. c3 Nxe3 20. Qxe3 Bd5 21. Bc2
b4 22. cxb4 Bxa2+ 23. Kxa2 Rxc2 24. Rf2 Qc8 25. Rxc2 Qxc2 26. Rc1 Qa4+ 27. Kb1
Qxb4 28. Qxe6+ Kh8 29. Rc8 Qxd4 30. Rxf8+ Bxf8 31. Qxf5 Qd1+ 32. Ka2 Qa4+ 33.
Kb1 Qd1+ 1/2-1/2

[Event "Kandidatklassen 2014"]
[Site "Skorping"]
[Date "2014.04.20"]
[Round "6"]
[White "Ochsner, Bjorn Moller"]
[Black "Haubro, Martin"]
[Result "1-0"]
[WhiteElo "2287"]
[BlackElo "2159"]
[PlyCount "61"]
[EventDate "2014.??.??"]

1. e4 c5 2. Nf3 d6 3. d4 cxd4 4. Nxd4 Nf6 5. Nc3 a6 6. Be3 e5 7. Nb3 Be6 8. h3
h5 9. f4 Qc7 10. Qe2 b5 11. O-O-O Nbd7 12. Nd5 Bxd5 13. exd5 Be7 14. Kb1 O-O
15. g4 a5 16. g5 Ne4 17. Qg2 a4 18. Qxe4 axb3 19. cxb3 f5 20. gxf6 Nxf6 21. Qg6
exf4 22. Bd4 b4 23. Re1 Bd8 24. Bxf6 Bxf6 25. Bd3 Be5 26. Rhg1 Qa7 27. Qh7+ Kf7
28. Rxg7+ Bxg7 29. Bg6+ Kf6 30. Re6+ Kg5 31. Qxh5# 1-0

[Event "Kandidatklassen 2014"]
[Site "Skorping"]
[Date "2014.04.20"]
[Round "6"]
[White "Schultz Pedersen, Jesper"]
[Black "Percivaldi, Martin"]
[Result "0-1"]
[WhiteElo "2240"]
[BlackElo "2131"]
[PlyCount "62"]
[EventDate "2014.??.??"]

1. e4 d5 2. exd5 Qxd5 3. Nc3 Qa5 4. Nf3 Bg4 5. h3 Bxf3 6. Qxf3 c6 7. b4 Qc7 8.
Be2 e6 9. b5 Nf6 10. O-O Be7 11. bxc6 Nxc6 12. Bb5 Rc8 13. Rb1 Qd7 14. Ne2 O-O
15. c3 a6 16. Ba4 b5 17. Bc2 Ne5 18. Qg3 Nc4 19. d4 Rfd8 20. Qh4 g6 21. Rd1 Nd5
22. Qg3 Bd6 23. Qh4 Be7 24. Qg3 Ncb6 25. h4 Qc7 26. Bd2 Qxg3 27. fxg3 Nc4 28.
a4 b4 29. Be4 Nxd2 30. Rxd2 Nxc3 31. Nxc3 bxc3 0-1

[Event "Kandidatklassen 2014"]
[Site "Skorping"]
[Date "2014.04.20"]
[Round "6"]
[White "Strange, Mikkel"]
[Black "Schou Moldt, Thomas"]
[Result "1/2-1/2"]
[WhiteElo "2355"]
[BlackElo "2207"]
[PlyCount "139"]
[EventDate "2014.??.??"]

1. e4 e5 2. Nf3 Nc6 3. Bb5 Nge7 4. O-O g6 5. c3 Bg7 6. d4 exd4 7. cxd4 d5 8.
exd5 Nxd5 9. Re1+ Be6 10. Bg5 Qd6 11. Nbd2 O-O 12. Ne4 Qb4 13. Bxc6 bxc6 14. b3
Rfe8 15. Rc1 Bf5 16. Ng3 Bg4 17. Be3 Bxf3 18. gxf3 Re6 19. Bd2 Rxe1+ 20. Bxe1
Qb6 21. Rc4 Re8 22. Ne4 Re7 23. Qc1 Re6 24. Nc5 Re7 25. Ne4 Re6 26. Nc5 Re7 27.
Bd2 Qb8 28. Ne4 Qc8 29. Qf1 Qe8 30. Qd3 Qd7 31. Bg5 f6 32. Bd2 f5 33. Nc5 Qe8
34. Rc1 h6 35. Kf1 Qf7 36. Qc4 Qf6 37. Nd3 Qxd4 38. Qxd4 Bxd4 39. Rxc6 Kg7 40.
a4 Rd7 41. Rc4 Bf6 42. Nf4 Be5 43. Nxd5 Rxd5 44. Be3 a6 45. Ke2 Bxh2 46. f4 c5
47. b4 cxb4 48. Rxb4 g5 49. fxg5 hxg5 50. Bxg5 Be5 51. Bd2 Kf7 52. Rb7+ Ke6 53.
Bb4 Bd6 54. Rb6 Kd7 55. Bc3 a5 56. Rb7+ Kc6 57. Rb1 Be5 58. Bd2 Bc7 59. Be3 Re5
60. Kd3 Re4 61. Rc1+ Kb7 62. Bd4 Be5 63. Bxe5 Rxe5 64. f3 Kb6 65. Kd4 Re2 66.
Kd5 Re3 67. f4 Re4 68. Rc6+ Kb7 69. Rc4 Rxc4 70. Kxc4 1/2-1/2

[Event "Kandidatklassen 2014"]
[Site "Skorping"]
[Date "2014.04.21"]
[Round "7"]
[White "Andersen, Soren Mikkel"]
[Black "Schultz Pedersen, Jesper"]
[Result "0-1"]
[WhiteElo "2099"]
[BlackElo "2240"]
[PlyCount "56"]
[EventDate "2014.??.??"]

1. d4 Nc6 2. Nf3 d5 3. c4 Bg4 4. cxd5 Bxf3 5. dxc6 Bxc6 6. Nc3 Nf6 7. f3 e5 8.
dxe5 Nd7 9. Bf4 Bc5 10. e4 Qe7 11. e6 Qxe6 12. Bxc7 O-O 13. Qb3 Qh6 14. Ne2 a5
15. Bf4 Qh4+ 16. Bg3 Qe7 17. a3 b5 18. Nf4 a4 19. Qa2 Rac8 20. Rd1 b4 21. Nd3
Bxe4 22. fxe4 Qxe4+ 23. Be2 Qxg2 24. Rf1 bxa3 25. bxa3 Bd4 26. Rb1 Nf6 27. Kd1
Nd5 28. Be1 Ne3+ 0-1

[Event "Kandidatklassen 2014"]
[Site "Skorping"]
[Date "2014.04.21"]
[Round "7"]
[White "Christensen, Tobias"]
[Black "Haubro, Martin"]
[Result "1-0"]
[WhiteElo "2360"]
[BlackElo "2159"]
[PlyCount "83"]
[EventDate "2014.??.??"]

1. d4 Nf6 2. Nf3 c5 3. c4 cxd4 4. Nxd4 e5 5. Nb5 d5 6. cxd5 Bc5 7. N5c3 O-O 8.
g3 Ng4 9. e3 f5 10. Be2 Nf6 11. O-O Kh8 12. a3 Nbd7 13. b4 Bd6 14. Nd2 Nb6 15.
Bb2 Qe8 16. Nb5 Bb8 17. d6 Bd7 18. Nc7 Bxc7 19. dxc7 Rc8 20. Rc1 Ba4 21. Qe1
Qe7 22. Nf3 e4 23. Nd4 Nfd5 24. b5 Rxc7 25. Rxc7 Nxc7 26. Qa5 Ncd5 27. Rc1 Qd7
28. Rc5 h6 29. Qxa7 f4 30. exf4 Ra8 31. Rxd5 Qxd5 32. Qxb6 Qa2 33. Qxb7 Rg8 34.
Qxe4 Qxb2 35. Bd3 g6 36. Qe5+ Rg7 37. Bxg6 Bxb5 38. Qb8+ Rg8 39. Qe5+ Rg7 40.
Nxb5 Qxe5 41. fxe5 Rxg6 42. Nd6 1-0

[Event "Kandidatklassen 2014"]
[Site "Skorping"]
[Date "2014.04.21"]
[Round "7"]
[White "Hansen, Mads"]
[Black "Percivaldi, Martin"]
[Result "1-0"]
[WhiteElo "2337"]
[BlackElo "2131"]
[PlyCount "53"]
[EventDate "2014.??.??"]

1. b3 d5 2. e3 Nf6 3. Bb2 Bf5 4. h3 e6 5. d3 h6 6. Nd2 Be7 7. Ngf3 O-O 8. Qe2
Bh7 9. g4 c5 10. g5 hxg5 11. Nxg5 Nc6 12. Rg1 d4 13. Bg2 Rc8 14. Bxc6 Rxc6 15.
Ndf3 Rd6 16. Kf1 b6 17. Re1 dxe3 18. fxe3 Bg6 19. Qg2 Nd7 20. Bxg7 e5 21. Bxf8
Bxf8 22. Ne4 Rc6 23. h4 f5 24. h5 fxe4 25. dxe4 Bg7 26. hxg6 Nf6 27. Qe2 1-0

[Event "Kandidatklassen 2014"]
[Site "Skorping"]
[Date "2014.04.21"]
[Round "7"]
[White "Jacobsen, Mikkel Manosri"]
[Black "Kolbak, Jens"]
[Result "1/2-1/2"]
[WhiteElo "2102"]
[BlackElo "2229"]
[PlyCount "82"]
[EventDate "2014.??.??"]

1. d4 Nf6 2. Bf4 d5 3. e3 e6 4. Nd2 Bd6 5. Bg3 O-O 6. Ngf3 c5 7. c3 b6 8. Ne5
a5 9. f4 Ba6 10. Bxa6 Nxa6 11. Bh4 Nb8 12. Qf3 Be7 13. O-O Ne4 14. Bxe7 Nxd2
15. Bxd8 Nxf3+ 16. Nxf3 Rxd8 17. a4 Nd7 18. Ra3 c4 19. e4 dxe4 20. Ng5 Nf6 21.
Re1 e3 22. Rxe3 Nd5 23. Rf3 Nf6 24. Re3 Rac8 25. g3 Rd5 26. Nf3 Kf8 27. Ne5 Nd7
28. Kf1 Ke7 29. b3 Nxe5 30. Rxe5 f6 31. Re3 b5 32. axb5 Rxb5 33. bxc4 Rxc4 34.
Ke2 Rc6 35. Kd3 Kd7 36. c4 Rb4 37. Rxa5 Rbxc4 38. d5 Rc3+ 39. Ke2 Rxe3+ 40.
Kxe3 exd5 41. Rxd5+ Ke6 1/2-1/2